000 00641nam a22002417a 4500
003 UA-OsUOA
001 59388
007 ta
008 20090323b un ||||| |||| 00| 0 ukr d
100 _aПлато фон Александр
090 _a323+327(430)
_bП37
942 _cBK
040 _aUA-OsUOA
_bukr
_cUA-OsUOA
_dUA-OsUOA
245 _aОбьединение Германии - борьба за Европу
300 _a511 с.
955 _a2
041 _aukr
080 _a323+327(430)
020 _a978-5-8243-0831-0
260 _aМ.
_bРОССПЭН
_c2007
650 7 _a32 Політика
_2UDC
999 _c345471
_d345471